| 000 | 00814cam a2200265 a 4500 | ||
|---|---|---|---|
| 001 | 4518555 | ||
| 005 | 20151104100334.0 | ||
| 008 | 981020s1989 enka b 000 0beng d | ||
| 020 | _a0232518408 (pbk.) : | ||
| 035 | _a(OCoLC)187370590 | ||
| 035 | _a(OCoLC)ocn187370590 | ||
| 035 | _a(NNC)4518555 | ||
| 040 |
_aUk _cUk _dDLC _dCStRLIN _dPU _dNNUT |
||
| 050 | _aBV5080.J84U67 | ||
| 090 | _aBV5095.J84 1996 | ||
| 100 | 1 |
_aUpjohn, Sheila. _920893 |
|
| 245 | 1 | 0 |
_aIn search of Julian of Norwich / _cSheila Upjohn |
| 260 |
_aLondon : _bDarton, Longman and Todd, _c1989, 1996 printing |
||
| 300 |
_a96 p. : _bill. ; _c20 cm |
||
| 504 | _aIncludes bibliographical references | ||
| 600 | 0 | 0 |
_aJulian, _cof Norwich, _d1343- _920894 |
| 650 |
_aJulian of Norwich _920895 |
||
| 942 |
_2lcc _cMONOGRAPH |
||
| 999 |
_c123729 _d123729 |
||